Cementing process of excluding water from oil wells as practiced in California.

Bibliographic Details
Corporate Author: United States. Department of Commerce
Format: Government Document eBook
Language:English
Published: [Washington] : GPO, 1913.
Subjects:
Online Access:Connect to the full text of this electronic document

MARC

Tag First Indicator Second Indicator Subfields
LEADER 00000cam a22000001a 4500
001 in00003799331
005 20190408183654.0
006 m o d f
007 cr bn mmmapmmp
008 141208s1913 dcu o f000 0 eng d
035 |a ebd1910406850 
040 |a UMI  |c UMI  |d UtOrBLW 
086 0 |a I 28.7:32 
099 |a I28.7-32 
110 1 |a United States.  |b Department of Commerce.  |0 http://id.loc.gov/authorities/names/n79071034 
245 1 0 |a Cementing process of excluding water from oil wells as practiced in California. 
264 1 |a [Washington] :  |b GPO,  |c 1913. 
300 |a 1 online resource (12 pages) 
336 |a text  |b txt  |2 rdacontent 
337 |a computer  |b c  |2 rdamedia 
338 |a online resource  |b cr  |2 rdacarrier 
533 |a Electronic reproduction.  |b [Bethesda, Md.] :  |c ProQuest,  |d 2014.  |e digital, PDF file.  |n ProQuest U.S. Executive Branch Documents  |n Mode of access: World Wide Web via ProQuest website. 
588 |a Record is based on online resource; title from PDF title page (ProQuest, last viewed Dec. 2014). Reuse except for individual research requires license from ProQuest, LLC. 
500 |a Electronic resource. 
650 0 |a Cement.  |0 http://id.loc.gov/authorities/subjects/sh85021731 
650 0 |a Drilling and boring.  |0 http://id.loc.gov/authorities/subjects/sh85039557 
651 0 |a California.  |0 http://id.loc.gov/authorities/names/n79041717 
655 7 |a Electronic books.  |2 local 
856 4 0 |u http://proxy.library.tamu.edu/login?url=http://congressional.proquest.com/congressional/docview/t66.d71.i28.7-32  |z Connect to the full text of this electronic document  |t 0 
999 f f |s 7a082934-c743-3f47-8b2c-e3da0c838b32  |i 572c7aca-4f23-3feb-8296-ab65943542b0  |t 0 
952 f f |a Texas A&M University  |b College Station  |c Electronic Resources  |d Available Online  |t 0  |h No information provided 
998 f f |t 0  |l Available Online